000 00314cam a22001097a 4500
008 180718b1972 xxu||||| |||| 00| 0 eng d
082 _aX9 G335
245 _aGetting down to earth : An Environment handbook
_cBY Bank of America
260 _aWashington
_bBank of America
_c1972
300 _a72p.
650 _aPollution
999 _c413885
_d413885